| 000 | 00000nam 2200000za 4500 |
| 001 | 9.608402 |
| 003 | CaOODSP |
| 005 | 20221107134213 |
| 007 | cr ||||||||||| |
| 008 | 150406t19941995xxc ||||o f000 0 fre d |
| 020 | |z0-662-80468-6 |
| 040 | |aCaOODSP|bfre |
| 043 | |an-cn--- |
| 086 | 1 |aA54-8/1995-4F-PDF|zA54-8/1995-4F |
| 245 | 00|aRessources zoogénétiques du Canada |h[ressource électronique] : |bles races caprines au Canada / |crédacteur, J.N.B. Shrestha. |
| 246 | 10|aRaces caprines au Canada |
| 250 | |a1re éd. Novembre 1994 |
| 260 | |aOttawa : |bDirection générale de la recherche, Agriculture et Agroalimentaire Canada. |c1994, c1995. |
| 300 | |a112 p. |
| 490 | 1 |aBulletin technique ; |v1995-4F |
| 500 | |a« Centre de recherches alimentaires et zootechniques, numéro de contribution 95-71 » |
| 500 | |aPublication historique numérisée par Agriculture et Agroalimentaire Canada. |
| 500 | |aPublié aussi en anglais sous le titre : Canada's animal genetic resources : goat breeds in Canada. |
| 590 | |a15-05-Supp|b2015-03-31 |
| 691 | 07|aGénétique|2gcpds |
| 691 | 07|aBétail|2gcpds |
| 700 | 1 |aShrestha, J. N. B. |
| 710 | 1 |aCanada. |bAgriculture et agroalimentaire Canada. |bDirection générale de la recherche. |
| 775 | 08|tCanada's animal genetic resources |w(CaOODSP)9.581636 |
| 776 | 0#|tLes ressources zoogénétiques du Canada: les races caprines au Canada / |w(CaOODSP)9.623467 |
| 830 | #0|aBulletin technique (Canada. Agriculture et ago-alimentaire Canada. Direction générale de la recherche)|v1995-4F|w(CaOODSP)9.504351 |
| 856 | 40|ahttp://publications.gc.ca|qPDF|s6.55 Mo|uhttps://publications.gc.ca/collections/collection_2015/aac-aafc/A54-8-1995-4-fra.pdf|y1995-4F |